[Event "Figueres Nadal op 5th"]
[Site "Figueres"]
[Date "2016.01.03"]
[Round "5"]
[White "Almendros Gonzalez, Nuria Feng"]
[Black "Escriba Cufi, Ferran"]
[Result "1-0"]
[WhiteElo "1676"]
[BlackElo "1647"]
[PlyCount "63"]
[EventDate "2016.01.02"]
[EventType "swiss"]
[EventRounds "7"]
[EventCountry "ESP"]
[SourceTitle "EXT 2017"]
[Source "ChessBase"]
[SourceDate "2016.10.25"]
[SourceVersion "1"]
[SourceVersionDate "2016.10.25"]
[SourceQuality "1"]

1. e4 e5 2. Nf3 Nc6 3. d4 exd4 4. Bc4 a6 5. Ng5 d5 6. Bxd5 Be6 7. Bxe6 fxe6 8. Nxe6 Qe7 9. Ng5 h6 10. Nf3 Qd7 11. 0-0 0-0-0 12. Bf4 Bd6 13. Bxd6 Qxd6 14. Nbd2 Nf6 15. Nc4 Qe7 16. e5 Ng4 17. Qe2 h5 18. h3 Nh6 19. Rad1 Rhg8 20. Nh2 g5 21. Qxh5 Rh8 22. f4 gxf4 23. Rxf4 Qc5 24. Na3 Rd5 25. Ng4 Nxe5 26. Nf6 Nf3+ 27. Qxf3 d3+ 28. Qf2 Qxf2+ 29. Rxf2 Rd4 30. cxd3 Rh4 31. Kf1 Nf5 32. Rxf5 1-0

[Event "Figueres Nadal op 5th"]
[Site "Figueres"]
[Date "2016.01.02"]
[Round "2"]
[White "Almendros Gonzalez, Nuria Feng"]
[Black "Fernandez Alsina, David"]
[Result "0-1"]
[WhiteElo "1676"]
[BlackElo "1451"]
[PlyCount "80"]
[EventDate "2016.01.02"]
[EventType "swiss"]
[EventRounds "7"]
[EventCountry "ESP"]
[SourceTitle "EXT 2017"]
[Source "ChessBase"]
[SourceDate "2016.10.25"]
[SourceVersion "1"]
[SourceVersionDate "2016.10.25"]
[SourceQuality "1"]

1. e4 e5 2. Nf3 Nc6 3. d4 exd4 4. Bc4 Nf6 5. Bg5 Be7 6. Bxf6 Bxf6 7. 0-0 0-0 8. Re1 d6 9. c3 Bg4 10. h3 Bh5 11. cxd4 Nxd4 12. Be2 Nxf3+ 13. Bxf3 Bxf3 14. Qd2 Bh5 15. Nc3 Bg6 16. Rad1 Bxc3 17. Qxc3 Re8 18. e5 d5 19. Qb3 c6 20. Qxb7 Qb6 21. Qd7 Re6 22. Rc1 Rd8 23. Qxd8+ Qxd8 24. Rcd1 Qb6 25. b3 h6 26. Re3 Be4 27. Re2 Rxe5 28. Kh2 Qb8 29. Kg1 Qb6 30. Kh2 Qb5 31. Ree1 Rg5 32. g3 Qc5 33. Rf1 Bf3 34. Rde1 Qc2 35. h4 Rf5 36. Kg1 Be2 37. g4 Bxg4 38. Kh2 Rxf2+ 39. Rxf2 Qxf2+ 40. Kh1 Bf3# 0-1